| 000 | 00814nam a22002177a 4500 | ||
|---|---|---|---|
| 999 |
_c11696 _d11696 |
||
| 003 | AR-CdUCM | ||
| 008 | 190404b ||||| |||| 00| 0 spa d | ||
| 040 |
_aMUNICIPALIDAD PROVINCIAL DEL CUSCO _cBIBLIOTECA MUNICIPAL DEL CUSCO |
||
| 082 |
_a985.03 / _bV297 / 1956 |
||
| 100 |
_aVargas Ugarte, Rubén,S.J. _915229 |
||
| 245 |
_aHistoria del Perú : _bVirreinato (siglo XVIII): 1700-1790 / |
||
| 260 |
_aLima : _bLibrería e Imprenta Gil, _c1956. |
||
| 300 |
_a475 páginas ; _c24 cm. |
||
| 500 | _aLibro en mal estado. | ||
| 505 | _aContenido: La guerra de Sucesión -- Se frustra repetidas veces el reemplazo del conde -- Medidas administrativas de sus últimos años ... | ||
| 650 |
_aHistoria _9136 |
||
| 650 |
_aPerú _935 |
||
| 650 |
_aVirreinato _96280 |
||
| 942 |
_2ddc _cLIBROS |
||
| 945 |
_acmm _d2019-04-04 |
||